Fusion the Search for Endless Energy (Record no. 7181)

MARC details
000 -LEADER
fixed length control field 00557nam a22002057a 4500
003 - CONTROL NUMBER IDENTIFIER
control field OSt
005 - DATE AND TIME OF LATEST TRANSACTION
control field 20240521171041.0
008 - FIXED-LENGTH DATA ELEMENTS--GENERAL INFORMATION
fixed length control field 210908b ||||| |||| 00| 0 eng d
020 ## - INTERNATIONAL STANDARD BOOK NUMBER
International Standard Book Number 0521383730
040 ## - CATALOGING SOURCE
Transcribing agency DDC
082 ## - DEWEY DECIMAL CLASSIFICATION NUMBER
Classification number 536.42 HER 1990
100 ## - MAIN ENTRY--PERSONAL NAME
Personal name Herman, Robin
9 (RLIN) 14770
245 ## - TITLE STATEMENT
Title Fusion the Search for Endless Energy
260 ## - PUBLICATION, DISTRIBUTION, ETC. (IMPRINT)
Place of publication, distribution, etc. Cambridge University Press, 1990
300 ## - PHYSICAL DESCRIPTION
Extent xi,267p;
Other physical details ill;
Dimensions 24cm
504 ## - BIBLIOGRAPHY, ETC. NOTE
Bibliography, etc Notes, Glossary, appendices, & index included
650 ## - SUBJECT ADDED ENTRY--TOPICAL TERM
Topical term or geographic name as entry element Energy
9 (RLIN) 16988
650 ## - SUBJECT ADDED ENTRY--TOPICAL TERM
Topical term or geographic name as entry element Fusion
9 (RLIN) 16989
942 ## - ADDED ENTRY ELEMENTS (KOHA)
Source of classification or shelving scheme Dewey Decimal Classification
Koha item type Open Shelf
Holdings
Withdrawn status Lost status Source of classification or shelving scheme Damaged status Not for loan Home library Current library Date acquired Source of acquisition Inventory number Total Checkouts Full call number Barcode Date last seen Koha item type Price effective from
    Dewey Decimal Classification     MUST Main Library MUST Main Library 21/05/2024 Purchase 05/24609   536.42 HER 1990 2024-0207 21/05/2024 Open Shelf  
    Dewey Decimal Classification     MUST Main Library MUST Main Library 18/06/2024 Purchase 2005/24610   536.42 HER 1990 2024-20765 18/06/2024 Open Shelf 18/06/2024